| 000 | 00830nam a2200253 a 4500 | ||
|---|---|---|---|
| 001 | 000000396 | ||
| 003 | DO-SdBNP | ||
| 005 | 20260114111704.0 | ||
| 008 | 081112s2007 dr 000 0 spa d | ||
| 040 |
_aDO-SdBNP _bspa _cBNPHU |
||
| 082 |
_a172 _bS583m |
||
| 100 | 1 |
_a Silié Gatón, José A., _d1920-2014 _9747 |
|
| 245 | 1 | 0 |
_aMis reflexiones políticas para usted / _cJosé A. Silié Gatón ; prólogo Luis S. Fernández Portorreal. |
| 260 |
_aSanto Domingo : _bCentenario, _c2007. |
||
| 300 |
_a198 p. ; _c23 cm. |
||
| 490 | 1 | _aVaganiona | |
| 590 | _aInventariado, 2018/MFF | ||
| 650 | 0 |
_aÉtica política _91332 |
|
| 650 | 7 |
_aConducta de vida _911947 _2LIBRUNAM |
|
| 700 | 1 |
_aFernández Portorreal, Luis S., _epról. _91333 |
|
| 830 | 0 |
_aVaganiona _9755 |
|
| 910 | _aValidado. Control de calidad EMS | ||
| 942 |
_2ddc _cLBS1 |
||
| 999 |
_c395 _d395 |
||